000 00270nam a2200109Ia 4500
008 220204s9999 xx 000 0 und d
082 _a065
_bNIC
100 _aNickels, W G
245 0 _aMarketing communications and promotions
260 _aOhio
_bGrid
_c1976
942 _cBK
999 _c34573
_d34573